书目信息 |
| 题名: |
装修不上当
|
|
| 作者: | 杨苗 , 马文娟 , 章曲 编著 | |
| 分册: | 材料篇 | |
| 出版信息: | 北京 中国电力出版社 2007.07 |
|
| 页数: | 182页 | |
| 开本: | 21cm | |
| 丛书名: | ||
| 单 册: | ||
| 中图分类: | TU767 | |
| 科图分类: | ||
| 主题词: | 住宅--zhu zhai--室内装修--装修材料--基本知识 | |
| 电子资源: | ||
| ISBN: | 978-7-5083-5362-3 | |
| 000 | 00886nam0 2200253 450 | |
| 001 | 012007920827 | |
| 005 | 20071106080519.14 | |
| 010 | @a978-7-5083-5362-3@dCNY29.00 | |
| 100 | @a20070924d2007 km y0chiy0120 ea | |
| 101 | 0 | @achi |
| 102 | @aCN@b110000 | |
| 105 | @aa z 000yy | |
| 106 | @ar | |
| 200 | 1 | @a装修不上当@Azhuang xiu bu shang dang@i材料篇@f杨苗, 马文娟, 章曲编著@Fyang miao,ma wen juan,zhang qu bian zhu |
| 210 | @a北京@c中国电力出版社@d2007.07 | |
| 215 | @a182页@c图@d21cm | |
| 330 | @a本书详细介绍了装饰装修材料的类别以及选购知识,书中配有大量精美直观的图片,还有许多装饰装修材料选购及其使用的小贴士。 | |
| 606 | 0 | @a住宅@Azhu zhai@x室内装修@x装修材料@x基本知识 |
| 690 | @aTU767@v4 | |
| 701 | 0 | @a杨苗@Ayang miao@4编著 |
| 701 | 0 | @a马文娟@Ama wen juan@4编著 |
| 701 | 0 | @a章曲@Azhang qu@4编著 |
| 801 | 0 | @aCN@b@c20071106 |
| 905 | @b264003-05@dTU767@eY236@f3 | |
| 装修不上当.材料篇/杨苗, 马文娟, 章曲编著.-北京:中国电力出版社,2007.07 |
| 182页:图;21cm |
| ISBN 978-7-5083-5362-3:CNY29.00 |
| 本书详细介绍了装饰装修材料的类别以及选购知识,书中配有大量精美直观的图片,还有许多装饰装修材料选购及其使用的小贴士。 |
| ● |
| 相关链接 |
|
|
|
正题名:装修不上当
索取号:TU767/Y236
 
预约/预借
| 序号 | 登录号 | 条形码 | 馆藏地/架位号 | 状态 | 备注 |
| 1 | 264003 | 202640035 | 建筑库201/201建筑库 46排5列4层/ [索取号:TU767/Y236] | 在馆 | |
| 2 | 264004 | 202640044 | 建筑库201/201建筑库 46排5列4层/ [索取号:TU767/Y236] | 在馆 | |
| 3 | 264005 | 202640053 | 建筑库201/201建筑库 46排5列4层/ [索取号:TU767/Y236] | 在馆 |